Central Library OPAC University of Rajshahi

মাছ মাংস মাৎসর্যের রুপকথা / (Record no. 39110)

MARC details
000 -LEADER
fixed length control field 00894nam a2200229 4500
001 - CONTROL NUMBER
control field 39110
003 - CONTROL NUMBER IDENTIFIER
rucl marc code BD-RjUL
005 - DATE AND TIME OF LATEST TRANSACTION
control field 20211209052923.0
008 - FIXED-LENGTH DATA ELEMENTS--GENERAL INFORMATION
fixed length control field 160404s2001 bg ||||e |||| 00| 1 ben d
020 ## - INTERNATIONAL STANDARD BOOK NUMBER
International Standard Book Number 9840502344
Terms of availability : Tk. 100.00
035 ## - SYSTEM CONTROL NUMBER
System control number (BD-RjUL)39222
040 ## - CATALOGING SOURCE
Original cataloging agency BD-RjUL
Language of cataloging ben
Transcribing agency BD-RjUL
041 ## - LANGUAGE CODE
Language code of text/sound track or separate title ben
082 ## - DEWEY DECIMAL CLASSIFICATION NUMBER
Edition number 23
Classification number 891.443
Author mark and year SYM 2001
100 ## - MAIN ENTRY--PERSONAL NAME
Personal name সৈযদ, আবদুল মান্নান
9 (RLIN) 118059
245 10 - TITLE STATEMENT
Title মাছ মাংস মাৎসর্যের রুপকথা /
Statement of responsibility, etc. আবদুল মান্নান সৈযদ,
260 ## - PUBLICATION, DISTRIBUTION, ETC. (IMPRINT)
Place of publication, distribution, etc. ঢাকা :
Name of publisher, distributor, etc. দি ইউনিভার্সিটি প্রেস লিমিটেড,
Date of publication, distribution, etc. ২০০১.
300 ## - PHYSICAL DESCRIPTION
Pagination [৮], ১৪২ পৃ.;
Size ২২ সেমি.
650 ## - SUBJECT ADDED ENTRY--TOPICAL TERM
Topical term or geographic name as entry element বাংলা ছোট গল্প,
9 (RLIN) 118918
Topical term or geographic name as entry element Short stories, Bengali.
9 (RLIN) 120692
942 ## - ADDED ENTRY ELEMENTS (KOHA)
Source of classification or shelving scheme Dewey Decimal Classification
Koha item type Books
Holdings
Lost status Source of classification or shelving scheme Damaged status Not for loan Collection code Permanent Location Current Location Shelving location Date acquired Source of acquisition Cost, normal purchase price Total Checkouts Full call number Date last seen Copy number Koha item type Date checked out
  Dewey Decimal Classification   Not For Loan Fiction Central Library, University of Rajshahi Central Library, University of Rajshahi Reading Room 23/12/2013 Prothoma Prokashon 100.00   B 891.443 SYM 2001 04/04/2016 C-1 Books  
  Dewey Decimal Classification     Fiction Central Library, University of Rajshahi Central Library, University of Rajshahi   23/12/2013 Prothoma Prokashon 100.00 1 B 891.443 SYM 2001 26/01/2025 C-2 Books 09/01/2025
  Dewey Decimal Classification     Fiction Central Library, University of Rajshahi Central Library, University of Rajshahi   23/12/2013 Prothoma Prokashon 100.00 2 B 891.443 SYM 2001 21/12/2017 C-3 Books 17/12/2017